Leib und Symbol: ein sinnverstehender Zugang zur kindlichen Entwicklung
| Subtitles: | Leiblichkeit und symbolische Entwicklung |
|---|---|
| Main Author: | |
| Format: | Electronic Book |
| Language: | German |
| Check availability: | HBZ Gateway |
| Interlibrary Loan: | Interlibrary Loan for the Fachinformationsdienste (Specialized Information Services in Germany) |
| Published: |
München
Fink
2000
|
| In: |
Übergänge (23)
Year: 2000 |
| Edition: | 2., unveränd. Aufl (Online-Ausg.) |
| Series/Journal: | Übergänge
23 |
| Standardized Subjects / Keyword chains: | B
Bodiliness
/ Symbol
/ Small child
/ Development
B Bodily experience |
| Further subjects: | B
Körpererfahrung ; rswk-swf
B Kind ; rswk-swf B Entwicklung ; rswk-swf B Leib ; rswk-swf B Thesis B Kleinkind ; rswk-swf B Leiblichkeit ; rswk-swf B Symbol ; rswk-swf B Psychoanalyse ; rswk-swf |
| Online Access: |
Volltext (kostenfrei) Volltext (kostenfrei) |
MARC
| LEADER | 00000cam a22000002c 4500 | ||
|---|---|---|---|
| 001 | 750167858 | ||
| 003 | DE-627 | ||
| 005 | 20250701184109.0 | ||
| 007 | cr uuu---uuuuu | ||
| 008 | 130607s2000 gw |||||om 00| ||ger c | ||
| 020 | |a 3770527488 |9 3-7705-2748-8 | ||
| 024 | 7 | |a urn:nbn:de:bvb:12-bsb00046067-3 |2 urn | |
| 035 | |a (DE-627)750167858 | ||
| 035 | |a (DE-576)383341469 | ||
| 035 | |a (DE-599)BSZ383341469 | ||
| 035 | |a (DE-627-1)000078786 | ||
| 035 | |a (DE-604)BDR-BV013031109-22089 | ||
| 040 | |a DE-627 |b ger |c DE-627 |e rakwb | ||
| 041 | |a ger | ||
| 044 | |c XA-DE | ||
| 084 | |a 1 |2 ssgn | ||
| 084 | |a BT 5450 |2 rvk |0 (DE-625)rvk/16765: | ||
| 084 | |a BU 8300 |2 rvk |0 (DE-625)rvk/16934: | ||
| 084 | |a CQ 6000 |2 rvk |0 (DE-625)rvk/19011: | ||
| 100 | 1 | |8 1\p |0 (DE-588)11267254X |0 (DE-627)597664617 |0 (DE-576)305642200 |4 aut |a Seewald, Jürgen | |
| 109 | |a Seewald, Jürgen | ||
| 245 | 1 | 0 | |a Leib und Symbol |b ein sinnverstehender Zugang zur kindlichen Entwicklung |c Jürgen Seewald |
| 246 | 3 | 3 | |a Leiblichkeit und symbolische Entwicklung |
| 250 | |a 2., unveränd. Aufl (Online-Ausg.) | ||
| 264 | 1 | |a München |b Fink |c 2000 | |
| 300 | |a 560 S. | ||
| 336 | |a Text |b txt |2 rdacontent | ||
| 337 | |a Computermedien |b c |2 rdamedia | ||
| 338 | |a Online-Ressource |b cr |2 rdacarrier | ||
| 490 | 1 | |a Übergänge |v 23 | |
| 500 | |a Zugl.: Marburg, Univ., Diss., 1989 | ||
| 502 | |a Zugl.: Marburg, Univ., Diss., 1989 u.d.T.: Seewald, Jürgen: Leiblichkeit und symbolische Entwicklung | ||
| 530 | |a Online-Ausg. München : Bayerische Staatsbibliothek, 2010. Online-Ressource. Volltext // 2010 digitalisiert von: Bayerische Staatsbibliothek, München. Exemplar der Bayerischen Staatsbibliothek mit der Signatur: 2010.4530 | ||
| 530 | |a Volltext // 2010 digitalisiert von: Bayerische Staatsbibliothek, München. Exemplar der Bayerischen Staatsbibliothek mit der Signatur: 2010.4530 | ||
| 533 | |a Online-Ausg. |b München |c Bayerische Staatsbibliothek |d 2010 |e Online-Ressource |n Volltext // 2010 digitalisiert von: Bayerische Staatsbibliothek, München. Exemplar der Bayerischen Staatsbibliothek mit der Signatur: 2010.4530 |n Online-Ausg. München : Bayerische Staatsbibliothek, 2010. Online-Ressource. Volltext // 2010 digitalisiert von: Bayerische Staatsbibliothek, München. Exemplar der Bayerischen Staatsbibliothek mit der Signatur: 2010.4530 |7 |2010|||||||||| | ||
| 583 | 1 | |a Archivierung/Langzeitarchivierung gewährleistet |f SSG |x XA-DE-BW |2 pdager |5 DE-21 | |
| 650 | 4 | |a Leib ; rswk-swf | |
| 650 | 4 | |a Entwicklung ; rswk-swf | |
| 650 | 4 | |a Symbol ; rswk-swf | |
| 650 | 4 | |a Kind ; rswk-swf | |
| 650 | 4 | |a Körpererfahrung ; rswk-swf | |
| 650 | 4 | |a Psychoanalyse ; rswk-swf | |
| 650 | 4 | |a Kleinkind ; rswk-swf | |
| 650 | 4 | |a Leiblichkeit ; rswk-swf | |
| 655 | 7 | |a Hochschulschrift |0 (DE-588)4113937-9 |0 (DE-627)105825778 |0 (DE-576)209480580 |2 gnd-content | |
| 689 | 0 | 0 | |d s |0 (DE-588)4114388-7 |0 (DE-627)105822558 |0 (DE-576)209484209 |2 gnd |a Leiblichkeit |
| 689 | 0 | 1 | |d s |0 (DE-588)4058716-2 |0 (DE-627)104117206 |0 (DE-576)209127716 |2 gnd |a Symbol |
| 689 | 0 | 2 | |d s |0 (DE-588)4031081-4 |0 (DE-627)10626737X |0 (DE-576)20899050X |2 gnd |a Kleinkind |
| 689 | 0 | 3 | |d s |0 (DE-588)4113450-3 |0 (DE-627)105829390 |0 (DE-576)209476583 |2 gnd |a Entwicklung |
| 689 | 0 | |5 (DE-627) | |
| 689 | 1 | 0 | |d s |0 (DE-588)4120582-0 |0 (DE-627)105775460 |0 (DE-576)209536330 |2 gnd |a Körpererfahrung |
| 689 | 1 | |5 (DE-627) | |
| 751 | |a Marburg |4 uvp | ||
| 776 | 1 | |z 3770527488 | |
| 830 | 0 | |a Übergänge |v 23 |9 23 |w (DE-627)770736750 |w (DE-576)395911125 |w (DE-600)2739996-5 |7 am | |
| 856 | 4 | 0 | |u http://mdz-nbn-resolving.de/urn:nbn:de:bvb:12-bsb00046067-3 |m X:DE-12 |x Resolving-System |z kostenfrei |7 0 |
| 856 | 4 | 0 | |u https://nbn-resolving.org/urn:nbn:de:bvb:12-bsb00046067-3 |m X:DE-12 |x Resolving-System |z kostenfrei |7 0 |
| 883 | |8 1\p |a cgwrk |d 20241001 |q DE-101 |u https://d-nb.info/provenance/plan#cgwrk | ||
| 912 | |a ZDB-57-DFS | ||
| 935 | |i Blocktest | ||
| 936 | r | v | |a BT 5450 |b Entwicklungspsychologie und Pastoraltheologie |k Theologie und Religionswissenschaften |k Pastoraltheologie und Missionswissenschaft |k Psychologie als Hilfswissenschaft der Pastoraltheologie |k Sonderdarstellungen |k Entwicklungspsychologie und Pastoraltheologie |0 (DE-627)1270760343 |0 (DE-625)rvk/16765: |0 (DE-576)200760343 |
| 936 | r | v | |a BU 8300 |b Pädagogische Anthropologie des Heranwachsenden |k Theologie und Religionswissenschaften |k Religionspädagogik und Katechetik |k Menschen als Adressaten und Partner von Erziehung, Unterweisung und Katechese |k Pädagogische Anthropologie des Heranwachsenden |0 (DE-627)1270760750 |0 (DE-625)rvk/16934: |0 (DE-576)200760750 |
| 936 | r | v | |a CQ 6000 |b Kindheit und Jugend |k Psychologie |k Entwicklungspsychologie |k Kindheit und Jugend |0 (DE-627)1270875655 |0 (DE-625)rvk/19011: |0 (DE-576)200875655 |
| 951 | |a BO | ||
| ELC | |a 1 | ||
| ITA | |a 1 |t 1 | ||
| LOK | |0 000 xxxxxcx a22 zn 4500 | ||
| LOK | |0 001 3360138856 | ||
| LOK | |0 003 DE-627 | ||
| LOK | |0 004 750167858 | ||
| LOK | |0 005 20130607141600 | ||
| LOK | |0 008 130607||||||||||||||||ger||||||| | ||
| LOK | |0 040 |a DE-21 |c DE-627 |d DE-21 | ||
| LOK | |0 689 |a s |a eBook-Fink-Digi20 | ||
| LOK | |0 852 |a DE-21 | ||
| LOK | |0 852 1 |m n |9 00 | ||
| LOK | |0 935 |a fbok | ||
| LOK | |0 938 |k n | ||
| LOK | |0 939 |a 08-02-00 |b l01 | ||
| OAS | |a 1 | ||
| ORI | |a SA-MARC-ixtheoa001.raw | ||
| REF | |a Kinderentwicklung,Kindheit | ||
| STA | 0 | 0 | |a Bodiliness,Bodiliness,Bodily experience,Sense of the body,Body,Bodily awareness,Development,Development,Origin,Development stage,Small child,Young child,Toddlers,Symbol |
| STB | 0 | 0 | |a Corporalité,Corporalité,Corporéité,Corporéité,Corporéité (motif),Corporéité,Développement,Développement,Enfant en bas âge,Jeune enfant,Jeune enfant,Petite enfance,Expérience corporelle,Symbole |
| STC | 0 | 0 | |a Corporeidad,Corporeidad,Desarrollo,Desarrollo,Experiencia corporal,Niño pequeño,Símbolo |
| STD | 0 | 0 | |a Corporeità <motivo>,Corporeità,Fisicità,Fisicità,Fisicità (motivo),Fisicità,Esperienza del corpo,Prima e seconda infanzia,Bambini in età prescolare,Bambini in età prescolare,Simbolo,Sviluppo,Sviluppo |
| STE | 0 | 0 | |a 体格,体格,体态,体态,发展,开发,小孩,小童,象征,标记,记号,身体经验,身体知觉 |
| STF | 0 | 0 | |a 小孩,小童,發展,開發,象徵,標記,記號,身體經驗,身體知覺,體格,體格,體態,體態 |
| STG | 0 | 0 | |a Corporeidade,Corporeidade,Criança pequena,Desenvolvimento,Desenvolvimento,Experiência corporal,Símbolo |
| STH | 0 | 0 | |a Маленький ребёнок,Развитие (мотив),Развитие,Символ,Телесность (мотив),Телесность,Телесный опыт |
| STI | 0 | 0 | |a Εξέλιξη <μοτίβο>,Εξέλιξη,Ανάπτυξη,Ανάπτυξη (μοτίβο),Παιδί προσχολικής ηλικίας,Σωματική εμπειρία,Σωματικότητα (μοτίβο),Σωματικότητα,Σύμβολο |
| SYG | 0 | 0 | |a Körperlichkeit , Sinnbild,Symbole , Frühe Kindheit,Kind,Kleinkinder , Ursprung,Entwicklungsstadium , Körperbewusstsein,Körperwahrnehmung,Körperbewusstsein,Körperwahrnehmung,Körpererleben,Körpergefühl,Körperarbeit |